00485nam a2200193Ia 4500003000400000005001700004008004100021020001400062040000700076041000800083082001800091100001600109245005900125260004300184300001600227365001300243650000800256650002700264OSt20230328151101.0210423s2005 xx 000 0 und d a921278630 cAL aeng a343.0998 AHUB aAHUJA (B N) aHistory of Indian press: growth of newspapers in India aNew DelhibSurjeeth Publicationsc2005 aVII,203bPB b160cINR aLaw aMilitary Tax Trade Law